000 00476nam a2200169Ia 4500
008 240729s9999 xx 000 0 und d
022 _a2280-8000
245 0 _aJournal of Applied Biomaterials & Functional Materials
260 _aUnited Kingdom
260 _bSAGE Publishing
650 _a Biotechnology
650 _a Chemical technology
650 _aTechnology
856 _uhttps://doaj.org/toc/0f87cc4c965d4ff5929f468edac14d8a
942 _2ddc
942 _cDOAJEJ
999 _c67718
_d67718
945 _a1
_bMadushi Gamage
_c1
_dMadushi Gamage